[Event "POL-ch U13 Qual"]
[Site "Jastrzebia Gora"]
[Date "2021.11.16"]
[Round "3"]
[White "Nowak, Maciej2222"]
[Black "Kempinski, Szymon"]
[Result "1-0"]
[WhiteElo "1338"]
[BlackElo "1103"]
[PlyCount "75"]
[EventDate "2021.11.15"]
[EventType "swiss"]
[EventRounds "9"]
[EventCountry "POL"]
[SourceTitle "EXT 2023"]
[Source "ChessBase"]
[SourceDate "2022.10.05"]
[SourceVersion "1"]
[SourceVersionDate "2022.10.05"]
[SourceQuality "1"]

1. d4 d5 2. c4 e6 3. Nc3 Nf6 4. Bg5 Nbd7 5. Nf3 c6 6. e3 Qa5 7. cxd5 exd5 8. Bd3 Bb4 9. Qc2 0-0 10. 0-0 Qc7 11. Rac1 Bxc3 12. Qxc3 h6 13. Bh4 Re8 14. a4 Ne4 15. Bxe4 dxe4 16. Nd2 g5 17. Bg3 Qd8 18. Qc2 f5 19. h3 Qf6 20. Bh2 Nf8 21. Nc4 Ng6 22. Ne5 Be6 23. Qc5 Nxe5 24. Bxe5 Qg6 25. Qb4 Bc8 26. Rc3 f4 27. exf4 gxf4 28. Bxf4 e3 29. Qb3+ Be6 30. Qc2 Bf5 31. Qe2 Bxh3 32. fxe3 Kh7 33. Rf2 Rg8 34. Rc5 Raf8 35. a5 Rf7 36. Rc2 Qe4 37. Qh5 Be6 38. Qxh6# 1-0